| 000 | 00414nam a22001697a 4500 | ||
|---|---|---|---|
| 003 | OSt | ||
| 005 | 20211124150044.0 | ||
| 008 | 211124b |||||||| |||| 00| 0 eng d | ||
| 020 | _a8187125950 | ||
| 040 | _cHU | ||
| 082 | _a330.91724JHI1997 | ||
| 100 |
_a Jhingan, M. L. _911882 |
||
| 245 | _aThe economics of development and planning | ||
| 260 | _c1997 | ||
| 300 |
_aXiX864P _bPC _c21CM |
||
| 942 |
_2ddc _cBOOKS _n0 |
||
| 999 |
_c19966 _d19966 |
||